000 00794nam a22002777a 4500
001 BR9705379
003 BR-BrBNA
005 20230928095755.0
007 ta
008 230509b bl.||||| |||| 00| 0 por d
040 _aBR-BrBNA
_bpor
_cBiblioteca Nacional de Agricultura
041 _a(Por)
072 _aD50; F30
090 _ D50 BR9705379
100 1 _aPinheiro, J.
110 1 _aSenado Federal, Brasilia, DF (Brasil)
_99266
245 1 _aInformacoes sobre a lei de protecao de cultivares (Lei n. 9.456, de 25 de abril de 1997)
260 3 _aBrasilia, DF (Brasil):
_c1997.
300 _a30 p.
650 _aMelhoramento Genetico Vegetal
650 _aLegislacao
650 _aVariedade
650 _aProducao Vegetal
909 _a202309
_bLucia
_c55
_dLucia Elande
942 _cBK
999 _c58582
_d58582